1196 1167 1660 1847 1135 1720 1185 1060 1716 1629 1372 1821 1421 1113 1353 1533 1431 1017 1190 1003 1559 1215 1425 1722 1900 1043 1033 1027 1977 1380 1103 1879 1614 1627 1761 1128 1354 1063 1621 1921 1134 1793 1829 1622 1961 1134 1916 1599 1910 1332 1856 1990 1806 1989 1837 1947 1875 1138 1559 1508 1763 1584 1656 1206 1408 1236 1000 1474 1278 1232 1373 1086 1919 1951 1986 1998 1100 1425 1765 1322 1170 1437 1784 1977 1374 1177 1387 1994 1488 1784 1402 1221 1363 1258 1278 1300 1138 1620 1648 BCNSPRNW ULIB Ver.6.0+V

เปลี่ยนเป็นภาษาไทย

Change to English
 แสดงรายละเอียดบรรณานุกรม
  กลับหน้าหลัก

Brief Record : Get Marc (ISO 2709) : E-mail record : QR code < ปิดหน้าต่าง
LEADER : 00000nam a2200000Ia 4500
001    13399114795
003     ULIB
008    070514s2549 th a 000 0 tha d
020    ^a9749477146
020    ^a9789749477144
050  4 ^aBJ1533.H9^bอ692จ
100 0  ^aอำพล จินดาวัฒนะ
245 10 ^aจิตอาสา พลังสร้างโลก : ^bบทเรียนรู้จากขบวนการพุทธฉือจี้ไต้หวัน ขบวนการที่เน้นหัวใจของความเป็นมนุษย์ /^cอำพล จินดาวัฒนะ
250    ^aพิมพ์ครั้งที่ 1
260    ^aกรุงเทพฯ :^bศูนย์ส่งเสริมและพัฒนาพลังแผ่นดินเชิงคุณธรรม (ศูนย์คุณธรรม),^c2549
300    ^a74 หน้า :^bภาพประกอบ ;^c21 ซม.
610 27 ^aมูลนิธิฉือจี้
650  4 ^aมนุษยธรรม
650  4 ^aบริการสังคม^zไต้หวัน
650  4 ^aการกุศล
650  4 ^aอาสาสมัคร^zไต้หวัน
651  7 ^aไต้หวัน^xภาวะสังคม
710 2  ^aศูนย์ส่งเสริมและพัฒนาพลังแผ่นดินเชิงคุณธรรม (ศูนย์คุณธรรม)
945    ^p0^l0^i031778
995    ^a เกษร
999 ^a ใช้งานได้ทุกระบบ
รายการนี้ยังไม่มีแท็ก
คุณยังไม่ได้ล็อกอิน คุณสามารถมีกิจกรรมร่วมกับเว็บไซต์ได้ แต่ต้องล็อกอินก่อน ::
  ล็อกอิน

รายการสื่อสารสนเทศ

ลำดับที่ ประเภท เลขเรียก/บาร์โค้ด สถานที่ สถานะ
- ไม่พบข้อมูล -

รายการใกล้เคียง
    ผู้แต่ง [อำพล จินดาวัฒนะ]

    หัวเรื่อง [มนุษยธรรม]
    หัวเรื่อง [การกุศล]

BibComment


ยังไม่เคยถูกคอมเมนท์

คอมเมนท์ทรัพยากรรายการนี้
  คอมเมนท์: จิตอาสา พลังสร้า..


 Copyright 2026. Bcnsprnw @Library